| 000 | 00435nam a2200181Ia 4500 | ||
|---|---|---|---|
| 005 | 20250423101352.0 | ||
| 008 | 250422s9999 xx 000 0 und d | ||
| 020 | _a0-19-575325-9 | ||
| 050 | _aPR 9387.9 .O87 O4/ | ||
| 100 | _aOti, Sonny | ||
| 245 | 4 | _aThe old masters : 3 west African plays | |
| 260 | _aIbadan | ||
| 260 | _bOxford University Press | ||
| 260 | _c1977 | ||
| 300 | _a82 p | ||
| 650 | _aLiterature | ||
| 942 | _cBK | ||
| 999 |
_c36106 _d36106 |
||